Electronics (Record no. 6334)

MARC details
000 -LEADER
fixed length control field 00523nam a2200193Ia 4500
003 - CONTROL NUMBER IDENTIFIER
control field IN-BaIIA
008 - FIXED-LENGTH DATA ELEMENTS--GENERAL INFORMATION
fixed length control field 211028s9999 xx 000 0 eng d
020 ## - INTERNATIONAL STANDARD BOOK NUMBER
International Standard Book Number 0-471-99639-4
040 ## - CATALOGING SOURCE
Transcribing agency IIA Library
080 ## - UNIVERSAL DECIMAL CLASSIFICATION NUMBER
Universal Decimal Classification number 621.38
Item number CAL
100 ## - MAIN ENTRY--PERSONAL NAME
Personal name Calvert, J. M.
9 (RLIN) 10866
245 #0 - TITLE STATEMENT
Title Electronics
Statement of responsibility, etc. J. M. Calvert and M. A. H. McCausland
260 ## - PUBLICATION, DISTRIBUTION, ETC.
Place of publication, distribution, etc. Chichester
Name of publisher, distributor, etc. John Wiley & Sons
Date of publication, distribution, etc. 1978
300 ## - PHYSICAL DESCRIPTION
Extent xxii, 615p.
650 ## - SUBJECT ADDED ENTRY--TOPICAL TERM
Topical term or geographic name entry element Electronics
9 (RLIN) 1576
650 ## - SUBJECT ADDED ENTRY--TOPICAL TERM
Topical term or geographic name entry element NASA thesaurus
700 ## - ADDED ENTRY--PERSONAL NAME
Personal name McCausland, A. H.
9 (RLIN) 10867
942 ## - ADDED ENTRY ELEMENTS (KOHA)
Koha item type Books
952 ## - LOCATION AND ITEM INFORMATION (KOHA)
-- 21.50
Holdings
Withdrawn status Lost status Damaged status Not for loan Home library Current library Shelving location Date acquired Total Checkouts Full call number Barcode Date last seen Price effective from Koha item type
        IIA Library-Bangalore IIA Library-Bangalore General Stacks 28/09/1979   621.38/ CAL 7055 05/11/2021 28/09/1979 Books

Powered by Koha